| 000 | 00608nam a2200241Ia 4500 | ||
|---|---|---|---|
| 008 | 160803s9999 xx 000 0 und d | ||
| 020 | _a978-0545494786 | ||
| 100 | _aFunk, Joe | ||
| 245 | _aMush! : sled dogs of the Iditarod / | ||
| 245 | _cby Joe Funk. | ||
| 250 | _a1st edition. | ||
| 260 | _aNew York : | ||
| 260 | _bScholastic Inc. | ||
| 260 | _c2013 | ||
| 300 | _a48 pages : | ||
| 300 | _bcolor illustrations ; | ||
| 300 | _c26 cm | ||
| 650 | _aIditarod (Race) -- | ||
| 650 | _aSled dogs -- | ||
| 650 | _xJuvenile literature. | ||
| 650 | _xJuvenile literature. | ||
| 700 | _a1140 | ||
| 999 |
_c298317 _d298317 |
||